000 00368nam a22001337a 4500
999 _c17156
_d17156
008 180906b xxu||||| |||| 00| 0 eng d
020 _a7968468017
050 _aLB1062
_b.N36 2007 c.1
100 _aNamwambah, Tom N.
245 _aElements and Pedagogy of Critical Thinking
_cTom N. Namwambah
260 _aNairobi
_bDale
_c2007
300 _a254p.
942 _2lcc
_cBK